000 01196nam a22003497a 4500
003 CHAP
005 20220329140148.0
008 971013s1984 r 00010 d
010 _a47910
011 _a48882
035 _a53029
040 _cCHAP
090 _aTesis
100 0 0 _aVargas Olvera, Mario A.
_9118072
245 _aEstudio anatómico, bioquímico y ontogénico de la hoja del mutante hoja arrugada en maíz (Zea mays L.)
260 _aChapingo, Méx. :
_bEl autor,
_c1984
300 _a97 h.
_b: ilus. ; gráfs.
502 _aTesis (M.C. Esp. en Genética) -- CP. Centro de Genética
590 _aALEPH
_b10
_c20130110
_lUCH01
_h1318
590 _aBATCH-UPD
_b10
_c20130110
_lUCH01
_h0933
590 _aBATCH-UPD
_b10
_c20130410
_lUCH01
_h0551
590 _aBATCH-UPD
_b10
_c20130914
_lUCH01
_h1752
590 _aCONVERSION
_b10
_c20130109
_lUCH01
_h1326
650 1 4 _aMaíz
_xAnatomía.
_970860
650 1 4 _aMaíz
_xGenética.
_970963
650 1 4 _aMutación en plantas.
_979907
901 _aBK
942 _cFOLL
949 _bBC
_cTES
_d-117820
_eTS1
_i53029
_si
949 _bBC
_cTES
_d33724000695342
_eTS2
_fc.2
_i53029
_si
949 _bBC
_cTES
_d33724000695359
_eTS2
_fc.3
_i53029
_si
999 _c47910
_d47910